| 000 | 01709cam a22004574i 4500 | ||
|---|---|---|---|
| 003 | PE-LiUPU | ||
| 005 | 20250731173332.0 | ||
| 008 | 150625s2002 miu r 000 0 eng d | ||
| 020 | _a0801022851 | ||
| 035 | _a(Sirsi) i9780801022852 | ||
| 040 |
_aPE-LiUPU _bspa _cPE-LiUPU _erda |
||
| 049 | _aPRUA | ||
| 082 | 0 | 4 |
_a222.13077 _bR84 _221 |
| 100 | 1 |
_aRoss, Allen P., _eautor. |
|
| 245 | 1 | 0 |
_aHoliness to the Lord : _ba guide to the exposition of the book of Liviticus / _cAllen P. Ross. |
| 264 | 1 |
_aMichigan : _bBaker Academic, _c2002. |
|
| 300 |
_a496 páginas ; _c24 centímetros |
||
| 336 |
_atext _2rdacontent |
||
| 337 |
_aunmediated _2rdamedia |
||
| 338 |
_avolume _2rdacarrier |
||
| 504 | _aIncluye bibliografía. | ||
| 505 | 0 | _aLaws of the sacrifices -- Laws of the priesthood (Lev. 8-10) -- Laws of purificatión (Lev. 11-16) -- Instructions for Holiness (17-26) -- Redemption of Vows (Lev. 27). | |
| 526 | _aSEG42 | ||
| 526 | _aSEG41 | ||
| 526 | _aSEG40 | ||
| 526 | _aSEG39 | ||
| 526 | _aP94 | ||
| 526 | _aP87 | ||
| 526 | _aP86 | ||
| 526 | _aP85 | ||
| 526 | _aP77 | ||
| 526 | _aP76 | ||
| 526 | _aP35 | ||
| 650 | 0 | 4 |
_aBiblia. _pA.T. _pLevítico _xComentarios. |
| 942 |
_2ddc _cBOOK |
||
| 949 |
_a222.13077 R84 _wDEWEY _c1 _i59294 _d2015-10-21 _e2015-10-20 _lCCODEBUL1 _mBUL _n1 _p38.00 _r0 _sY _tBOOK _u2015-6-25 _xTEOLOGIA _PP35 _0COMPRA _o.STAFF. Colección Teología |
||
| 994 |
_aC0 _bPEPRU |
||
| 596 | _a1 | ||
| 999 |
_a222.13077 R84 _wDEWEY _c48082 _i59294 _d48082 _e2015-10-20 _f2021-11-9 _g5 _lCCODEBUL1 _mBUL _n1 _p38.00 _q3 _r0 _sY _tBOOK _u2015-6-25 _xTEOLOGIA _PP35 _0COMPRA _o.STAFF. Colección Teología |
||
| 980 |
_81 _gALBERTO SANCHEZ Responsable de Automatización |
||